000 00694cam a2200253 4500500
005 20260329005028.0
041 _afre
042 _adc
100 1 0 _aMorel, François
_eauthor
245 0 0 _aConseil n° 16. Enivrons-nous
260 _c2022.
500 _a95
690 _aAlcool
690 _aBaudelaire
690 _aFrançois Morel
690 _aHumour
690 _aIvresse
690 _aOlivier Véran
690 _aPoésie
690 _aSanté
690 _aSobriété
786 0 _nPhilosophie magazine | 157 | 3 | 2022-03-01 | p. 73-73 | 1951-1787
856 4 1 _uhttps://shs.cairn.info/magazine-philosophie-magazine-2022-3-page-73?lang=fr&redirect-ssocas=7080
999 _c1839621
_d1839621